[Event "Dallas Fall op"]
[Site "Dallas"]
[Date "2017.11.22"]
[Round "9"]
[White "Guo, Arthur"]
[Black "Williams, Quaitemes"]
[Result "1-0"]
[WhiteElo "2219"]
[BlackElo "2033"]
[PlyCount "53"]
[EventDate "2017.11.17"]
[EventType "swiss"]
[EventRounds "9"]
[EventCountry "USA"]
[SourceTitle "CBM 181 Extra"]
[Source "ChessBase"]
[SourceDate "2017.12.12"]
[SourceVersion "1"]
[SourceVersionDate "2017.12.12"]
[SourceQuality "1"]

1. d4 f5 2. Nc3 d5 3. Bg5 c6 4. e3 Nd7 5. Bd3 Ndf6 6. Nf3 e6 7. Ne5 Bd6 8. g4 Qc7 9. h3 Ne4 10. Bf4 g5 11. Bh2 Ngf6 12. h4 Qa5 13. Bxe4 Nxe4 14. gxf5 0-0 15. hxg5 Nxc3 16. bxc3 Qxc3+ 17. Kf1 Rxf5 18. Bf4 Bxe5 19. dxe5 Qc4+ 20. Kg1 Bd7 21. g6 hxg6 22. Qg4 Be8 23. Rh6 Qxc2 24. Qh3 Rh5 25. Qxe6+ Bf7 26. Qf6 Kf8 27. e6 1-0

[Event "Dallas Fall op"]
[Site "Dallas"]
[Date "2017.11.19"]
[Round "5"]
[White "Williams, Quaitemes"]
[Black "Capocyan, Sam L"]
[Result "0-1"]
[WhiteElo "2033"]
[BlackElo "2150"]
[PlyCount "140"]
[EventDate "2017.11.17"]
[EventType "swiss"]
[EventRounds "9"]
[EventCountry "USA"]
[SourceTitle "CBM 181 Extra"]
[Source "ChessBase"]
[SourceDate "2017.12.12"]
[SourceVersion "1"]
[SourceVersionDate "2017.12.12"]
[SourceQuality "1"]

1. e4 c5 2. Nc3 e6 3. g3 Nc6 4. Bg2 g6 5. d3 Bg7 6. Be3 Nd4 7. Qd2 Ne7 8. Nd1 b6 9. c3 Ndc6 10. Bh6 0-0 11. h4 Bxh6 12. Qxh6 f6 13. Nh3 Ne5 14. Qd2 Ba6 15. c4 Bb7 16. Ne3 Nf5 17. 0-0 Nxe3 18. Qxe3 Qc7 19. f4 Ng4 20. Qe2 f5 21. Bf3 Nf6 22. e5 Bxf3 23. Qxf3 Ng4 24. Nf2 Nh6 25. Rad1 d6 26. Rfe1 Rad8 27. b3 Nf7 28. exd6 Qxd6 29. d4 cxd4 30. Nd3 Rfe8 31. Ne5 Nxe5 32. Rxe5 Qa3 33. Rd2 Rd6 34. Kf2 Red8 35. h5 Qc1 36. Qd1 Qxd1 37. Rxd1 gxh5 38. Rd3 Kf7 39. a4 Rg8 40. c5 Rd7 41. b4 bxc5 42. Rxc5 h4 43. b5 Rxg3 44. Rxg3 hxg3+ 45. Kxg3 d3 46. Rc1 d2 47. Rd1 Ke7 48. a5 Kd8 49. Kh4 Kc7 50. Kg5 Rd4 51. Kf6 h5 52. Kxe6 h4 53. Kxf5 h3 54. Ke5 Rd7 55. b6+ axb6 56. axb6+ Kxb6 57. f5 Kc5 58. f6 Kc4 59. Ke6 Rd8 60. Ke7 Rd3 61. f7 Re3+ 62. Kd7 Rf3 63. Rxd2 Rxf7+ 64. Ke6 Rh7 65. Rh2 Kd4 66. Kf5 Ke3 67. Kg4 Rg7+ 68. Kh4 Kf3 69. Ra2 Rh7+ 70. Kg5 h2 0-1

[Event "Dallas Fall op"]
[Site "Dallas"]
[Date "2017.11.17"]
[Round "1"]
[White "Javakhadze, Zurab"]
[Black "Williams, Quaitemes"]
[Result "1-0"]
[WhiteElo "2452"]
[BlackElo "2033"]
[PlyCount "59"]
[EventDate "2017.11.17"]
[EventType "swiss"]
[EventRounds "9"]
[EventCountry "USA"]
[SourceTitle "CBM 181 Extra"]
[Source "ChessBase"]
[SourceDate "2017.12.12"]
[SourceVersion "1"]
[SourceVersionDate "2017.12.12"]
[SourceQuality "1"]

1. c4 f5 2. d4 Nf6 3. Nf3 g6 4. g3 Bg7 5. Bg2 0-0 6. 0-0 d6 7. Nc3 Qe8 8. d5 Na6 9. Nd4 Bd7 10. b3 c6 11. Bb2 Nc7 12. b4 e5 13. dxe6 Nxe6 14. Nxe6 Bxe6 15. b5 Bxc4 16. bxc6 bxc6 17. Qxd6 Ne4 18. Nxe4 Bxb2 19. Qb4 Bxe2 20. Qb3+ Qf7 21. Qxb2 Bxf1 22. Ng5 Qe7 23. Bxf1 Qf6 24. Bc4+ Kh8 25. Qxf6+ Rxf6 26. Rb1 h6 27. Nf7+ Kg7 28. Rb7 c5 29. Ng5+ Kh8 30. Rh7# 1-0